[Event "Titled Tue 17th Jun Early"]
[Site "chess.com INT"]
[Date "2025.06.17"]
[Round "1"]
[White "Winkels, Marcel"]
[Black "Gubajdullin, Alexei"]
[Result "0-1"]
[WhiteTitle "CM"]
[BlackTitle "FM"]
[WhiteElo "1905"]
[BlackElo "2233"]
[WhiteFideId "1003887"]
[BlackFideId "4141202"]
[EventDate "2025.06.17"]

1. e4 c5 2. Nf3 d6 3. d4 cxd4 4. Nxd4 Nf6 5. Nc3 g6 6. Be3 Bg7 7. f3 h5 8. Qd2
a6 9. O-O-O b5 10. Nd5 Nxd5 11. exd5 Bb7 12. Nb3 Nd7 13. Na5 Qc7 14. Nxb7 Qxb7
15. Bd4 Bxd4 16. Qxd4 Nf6 17. g4 hxg4 18. fxg4 Rh4 19. Be2 Rc8 20. Rhf1 Rxh2 21.
Rde1 Qxd5 22. Qf4 Qe4 23. Bd3 Qxf4+ 24. Rxf4 Kf8 25. g5 Nd5 26. Rf3 Kg7 27. Ref1
Rf8 28. Re1 Rg2 29. Be4 Rxg5 30. Bxd5 Rxd5 31. Rxe7 a5 32. a3 a4 33. Rf4 g5 34.
Rf3 Kg6 35. c3 g4 36. Rf4 f5 37. Re6+ Rf6 38. Re3 Kg5 39. Rb4 f4 40. Ree4 g3 41.
Re1 g2 42. c4 bxc4 43. Rxc4 Rc5 0-1

[Event "Titled Tue 17th Jun Early"]
[Site "chess.com INT"]
[Date "2025.06.17"]
[Round "1"]
[White "Ter-Sahakyan, Samvel"]
[Black "Gajic, Mladen"]
[Result "1/2-1/2"]
[WhiteTitle "GM"]
[BlackTitle "FM"]
[WhiteElo "2611"]
[BlackElo "2246"]
[WhiteFideId "13302531"]
[BlackFideId "1709178"]
[EventDate "2025.06.17"]

1. d4 Nf6 2. c4 c5 3. d5 e6 4. Nc3 exd5 5. cxd5 d6 6. e4 g6 7. f4 Bg7 8. Bb5+
Nbd7 9. e5 dxe5 10. fxe5 Nh5 11. e6 Qh4+ 12. g3 Nxg3 13. hxg3 Bxc3+ 14. bxc3
Qxh1 15. Be3 a6 16. exd7+ Bxd7 17. Bxd7+ Kxd7 18. Qb3 b5 19. O-O-O Rhe8 20. Bf4
Re4 21. Qa3 Rc4 22. Qa5 Rc8 23. Qb6 Ke8 24. Qf6 Qe4 25. d6 Kd7 26. Nf3 Qxf3 27.
Qe7+ Kc6 28. Be5 Rxc3+ 29. Bxc3 Qxc3+ 30. Kb1 Qb4+ 31. Kc1 Qc3+ 32. Kb1 Qb4+ 33.
Kc1 Qc3+ 1/2-1/2

[Event "Titled Tue 17th Jun Early"]
[Site "chess.com INT"]
[Date "2025.06.17"]
[Round "1"]
[White "Zlatin, Alexander"]
[Black "Mamedyarov, Shakhriyar"]
[Result "0-1"]
[WhiteTitle "FM"]
[BlackTitle "GM"]
[WhiteElo "2313"]
[BlackElo "2746"]
[WhiteFideId "2810549"]
[BlackFideId "13401319"]
[EventDate "2025.06.17"]

1. e4 c5 2. c3 Qa5 3. Nf3 Nc6 4. Bc4 d6 5. h3 Nf6 6. Qe2 e6 7. O-O Be7 8. d4
cxd4 9. cxd4 d5 10. exd5 Nxd5 11. Bd2 Qd8 12. Nc3 O-O 13. Rfd1 Ncb4 14. a3 Nxc3
15. bxc3 Nd5 16. Ne5 Bd7 17. Rab1 b6 18. Bd3 Nf6 19. Bg5 Rc8 20. c4 Ba4 21. Rd2
Qc7 22. Bxf6 Bxf6 23. Qe4 g6 24. f4 Rfd8 25. Re1 Be7 26. Nxf7 Rxd4 27. Qxe6 Bc5
28. Nd6+ Kh8 29. Qf6+ Qg7 30. Qxg7+ Kxg7 31. Re7+ Kf8 32. Rf7+ Kg8 33. Kh2 Rxd6
34. Rxa7 Rcd8 35. Rxa4 Rxd3 36. Re2 Re3 37. Rxe3 Bxe3 38. Kg3 Rf8 39. Rb4 Bxf4+
40. Kg4 Be3 41. a4 Bc5 42. Rb5 h5+ 43. Kg5 Kg7 44. a5 Rf5+ 45. Kh4 Bf2+ 46. g3
Kh6 47. Rxf5 gxf5 48. a6 f4 49. a7 fxg3 50. a8=Q g2# 0-1

[Event "Titled Tue 17th Jun Early"]
[Site "chess.com INT"]
[Date "2025.06.17"]
[Round "1"]
[White "Fedorov, Artem Alek"]
[Black "Papasimakopoulos, Alexandros"]
[Result "0-1"]
[WhiteTitle "CM"]
[BlackTitle "IM"]
[WhiteElo "2157"]
[BlackElo "2366"]
[WhiteFideId "34418431"]
[BlackFideId "4244125"]
[EventDate "2025.06.17"]

1. e4 e6 2. d4 d5 3. Nc3 Bb4 4. e5 c5 5. a3 Bxc3+ 6. bxc3 Nc6 7. Qg4 g6 8. Nf3
Qa5 9. Bd2 c4 10. Be2 Qa4 11. Ra2 Bd7 12. O-O h6 13. h4 O-O-O 14. h5 g5 15. Nh2
f5 16. Qh3 Nge7 17. f4 g4 18. Qg3 Be8 19. Qh4 Bf7 20. Rb1 Na5 21. Nf1 Qe8 22.
Ng3 Nec6 23. a4 Qe7 24. Qh2 b6 25. Bc1 Kb7 26. Ba3 Qe8 27. Qh4 Rd7 28. Kf2 Qd8
29. Qh1 Qe8 30. Qh4 Ka8 31. Bd6 Nd8 32. Bb4 Ndb7 33. Qh1 Rc7 34. Qh4 Nc6 35. Ba3
Qd8 36. Qh1 Be8 37. Bb4 Bd7 38. Ba3 Qe8 39. Qc1 Nca5 40. Bd6 Nxd6 41. exd6 Rc6
42. Qe3 Rxd6 43. Qe5 Qf8 44. Rb4 Nc6 45. Qe3 Nxb4 46. cxb4 Qf6 47. a5 bxa5 48.
Rxa5 Rb8 49. c3 Bb5 50. Qc1 Ra6 51. Ra1 Rxa1 52. Qxa1 Qd8 53. Qc1 Qd6 54. Qe3
Rb6 55. Qe5 Qxe5 56. fxe5 Ra6 57. Bd1 Ra3 58. Ne2 Be8 59. Nf4 Bf7 60. Ne2 Bxh5
61. Ke3 Bf7 62. Kd2 Ra2+ 63. Bc2 h5 64. Nc1 Ra1 65. Ne2 h4 66. Nf4 Rh1 67. Ba4
h3 68. gxh3 gxh3 69. Bc6+ Kb8 70. Ke2 h2 71. Kf2 Rc1 0-1

[Event "Titled Tue 17th Jun Early"]
[Site "chess.com INT"]
[Date "2025.06.17"]
[Round "1"]
[White "Esipenko, Andrey"]
[Black "Ozcan, Kaan"]
[Result "1-0"]
[WhiteTitle "GM"]
[BlackTitle "FM"]
[WhiteElo "2689"]
[BlackElo "2230"]
[WhiteFideId "24175439"]
[BlackFideId "34566422"]
[EventDate "2025.06.17"]

1. e4 e5 2. Nf3 Nf6 3. Nc3 Nc6 4. Bc4 Bc5 5. O-O O-O 6. d3 h6 7. Be3 d6 8. h3 a6
9. a4 Qe7 10. Bxc5 dxc5 11. Nd2 Rd8 12. f4 exf4 13. Rxf4 Ne5 14. Qe2 Be6 15. b3
Bxc4 16. Nxc4 Nxc4 17. bxc4 Qe5 18. Qd2 Qd4+ 19. Kh1 Qxc4 20. Nd5 Rxd5 21. exd5
Qxd5 22. Re1 Re8 23. Rxe8+ Nxe8 24. Qe3 Nd6 25. Qe7 Qc6 26. Rg4 Qe8 27. Qxe8+
Nxe8 28. Re4 Kf8 29. Re5 b6 30. Kg1 Nd6 31. Kf2 f6 32. Re1 Kf7 33. Kf3 Nf5 34.
Ke4 Nd4 35. c3 Nc6 36. Kd5 Ne7+ 37. Kc4 Nc8 38. a5 f5 39. Kd5 Ne7+ 40. Kc4 Nc6
41. axb6 cxb6 42. Kd5 Ne7+ 43. Kd6 f4 44. Rxe7+ Kf6 45. Rb7 1-0

[Event "Titled Tue 17th Jun Early"]
[Site "chess.com INT"]
[Date "2025.06.17"]
[Round "1"]
[White "Atoyan, Alberto"]
[Black "Haszon, David"]
[Result "0-1"]
[WhiteTitle "CM"]
[BlackTitle "FM"]
[WhiteElo "2266"]
[BlackElo "2264"]
[WhiteFideId "13314831"]
[BlackFideId "733610"]
[EventDate "2025.06.17"]

1. e4 c5 2. Nf3 e6 3. g3 g6 4. Bg2 Bg7 5. O-O Nc6 6. d3 Nge7 7. Be3 Bxb2 8. Nbd2
d6 9. Rb1 Bg7 10. Nc4 O-O 11. Qc1 a6 12. Nb6 Rb8 13. Nxc8 Qxc8 14. c3 Ne5 15.
Nxe5 Bxe5 16. Qd2 b5 17. d4 cxd4 18. cxd4 Bg7 19. Rfc1 Qd7 20. Qa5 d5 21. Qxa6
dxe4 22. Bxe4 Nd5 23. Qc6 Qxc6 24. Rxc6 Rfd8 25. Bg5 Bf6 26. Bxd5 Bxg5 27. Bb3
Rxd4 28. Rd1 Rxd1+ 29. Bxd1 Rd8 30. Be2 Rd2 31. Bxb5 Rxa2 32. Bd3 Bf6 33. Rc2
Ra3 34. Be4 Bd4 35. Kg2 Kg7 36. h4 h5 37. Rc7 Ra2 38. Rc2 Ra4 39. Bf3 Kf6 40.
Rd2 e5 41. Bc6 Rc4 42. Bd5 Rc5 43. Bb3 Ke7 44. Rc2 Rb5 45. Rc7+ Kd6 46. Bc4 Rb4
47. Rc8 Rb2 48. Kh3 Rxf2 49. Rf8 Ke7 50. Ra8 Rc2 51. Bd5 Bg1 52. Bg2 Rc3 53. Rb8
Bf2 54. Rb6 Rxg3+ 55. Kh2 Rxg2+ 0-1

[Event "Titled Tue 17th Jun Early"]
[Site "chess.com INT"]
[Date "2025.06.17"]
[Round "1"]
[White "Emeliantsev, Anatoliy"]
[Black "Palczert, Matyas"]
[Result "0-1"]
[WhiteTitle "FM"]
[BlackTitle "FM"]
[WhiteElo "2359"]
[BlackElo "2396"]
[WhiteFideId "4160681"]
[BlackFideId "784958"]
[EventDate "2025.06.17"]

1. d4 Nf6 2. c4 g6 3. Nc3 d5 4. cxd5 Nxd5 5. e4 Nxc3 6. bxc3 Bg7 7. Nf3 c5 8.
Rb1 O-O 9. Be2 cxd4 10. cxd4 Qa5+ 11. Bd2 Qxa2 12. O-O Bg4 13. Bg5 h6 14. Bh4 g5
15. Bg3 Nc6 16. d5 Ne5 17. Rxb7 Bxf3 18. gxf3 Ng6 19. h4 gxh4 20. Bh2 Be5 21.
Bxe5 Nxe5 22. f4 Ng6 23. f5 Nf4 24. Bf3 Qa3 25. Kh2 Qd6 26. Kh1 Kh8 27. Qa1+ f6
28. Rxa7 Rxa7 29. Qxa7 Rg8 30. Qe3 h3 31. Bh5 Rg2 32. Rc1 Kg7 33. Rg1 Rxg1+ 34.
Kxg1 Nxh5 35. Qxh3 Nf4 36. Qg3+ Kh7 37. Kh1 Qe5 38. Qh4 Qxe4+ 0-1

[Event "Titled Tue 17th Jun Early"]
[Site "chess.com INT"]
[Date "2025.06.17"]
[Round "1"]
[White "Seder, Mohammed"]
[Black "Elsness, Frode"]
[Result "1-0"]
[WhiteTitle "FM"]
[BlackTitle "IM"]
[WhiteElo "2075"]
[BlackElo "2416"]
[WhiteFideId "11505567"]
[BlackFideId "1501100"]
[EventDate "2025.06.17"]

1. d4 Nf6 2. Nc3 d5 3. Bf4 c5 4. e4 dxe4 5. dxc5 Qxd1+ 6. Rxd1 Nc6 7. Nb5 e5 8.
Nc7+ Ke7 9. Bxe5 Nxe5 10. Nxa8 Bg4 11. Ne2 g6 12. Nc7 Bh6 13. h3 Bh5 14. Nd5+
Nxd5 15. Rxd5 Ke6 16. Rd6+ Ke7 17. g4 Nf3+ 18. Kd1 Rc8 19. Rd5 Ke6 20. Nc3 Bg7
21. Bc4 Ke7 22. gxh5 Bxc3 23. bxc3 b6 24. cxb6 axb6 25. Be2 Nh4 26. c4 Ra8 27.
hxg6 hxg6 28. Kd2 Rxa2 29. Bg4 f5 30. Be2 Ng2 31. Rg1 Nf4 32. Rb5 Ra6 33. h4 Kf7
34. Ke3 Nh3 35. Rh1 f4+ 36. Kd4 Nxf2 37. Rf1 e3 38. c5 bxc5+ 39. Kxc5 Ra2 40.
Bc4+ 1-0

[Event "Titled Tue 17th Jun Early"]
[Site "chess.com INT"]
[Date "2025.06.17"]
[Round "1"]
[White "Sharapov, Yevhen"]
[Black "Mohylnyi, Stepan"]
[Result "1/2-1/2"]
[WhiteTitle "GM"]
[BlackTitle "FM"]
[WhiteElo "2375"]
[BlackElo "2314"]
[WhiteFideId "14103133"]
[BlackFideId "34127836"]
[EventDate "2025.06.17"]

1. e4 c5 2. Nf3 e6 3. c4 Nc6 4. Nc3 Nge7 5. Be2 Nd4 6. O-O Nec6 7. d3 Be7 8. Nb5
e5 9. Nbxd4 cxd4 10. Rb1 a5 11. a3 O-O 12. Bd2 a4 13. Ne1 d6 14. Bg4 Bxg4 15.
Qxg4 Qc8 16. Qxc8 Rfxc8 17. f4 Na5 18. Bxa5 Rxa5 19. Nc2 b5 20. Nb4 bxc4 21. Nd5
Bd8 22. fxe5 dxe5 23. dxc4 Rxc4 24. b3 axb3 25. Rxb3 Rc8 26. Rfb1 Rac5 27. Kf2
f5 28. Kf3 Kf7 29. g4 g6 30. gxf5 gxf5 31. Rb8 Ke6 32. Rxc8 Rxc8 33. Rb5 Ra8 34.
Rb3 Ra5 35. Nb4 Rc5 36. Nd3 Rc3 37. Rxc3 dxc3 38. Ne1 f4 39. Ke2 Bh4 40. Nf3 Bd8
41. Kd3 Ba5 42. a4 Kd6 43. Kc2 h6 44. h3 Bb4 45. Kb3 Ba5 46. Kc2 Bb4 47. Kb3 Ba5
48. Kc2 1/2-1/2

[Event "Titled Tue 17th Jun Early"]
[Site "chess.com INT"]
[Date "2025.06.17"]
[Round "1"]
[White "Hernandez Jimenez, Alexander Andres"]
[Black "Chylewski, Patryk"]
[Result "0-1"]
[WhiteTitle "FM"]
[BlackTitle "IM"]
[WhiteElo "2069"]
[BlackElo "2313"]
[WhiteFideId "3900452"]
[BlackFideId "1186191"]
[EventDate "2025.06.17"]

1. e4 c5 2. Nf3 d6 3. d4 cxd4 4. Nxd4 Nf6 5. Nc3 a6 6. h3 e6 7. g4 h6 8. Bg2
Nbd7 9. a4 g5 10. O-O Ne5 11. b3 Qc7 12. Bb2 b6 13. Qe2 Bb7 14. Rad1 Nfd7 15. f4
gxf4 16. Rxf4 Be7 17. Qf2 Rh7 18. Kh1 Qc5 19. Rf1 Bg5 20. Rd1 Bxf4 21. Qxf4
O-O-O 22. a5 b5 23. Nce2 Ng6 24. Qg3 Nde5 25. Bc1 Qc7 26. Be3 Qxa5 27. Qf2 Qc7
28. Rc1 Kb8 29. Ng3 Rc8 30. Nh5 Rhh8 31. Nf6 Rhd8 32. Kg1 Qc3 0-1

[Event "Titled Tue 17th Jun Early"]
[Site "chess.com INT"]
[Date "2025.06.17"]
[Round "1"]
[White "Carroll, Thomas"]
[Black "Murthy, Pappu"]
[Result "1-0"]
[WhiteElo "2131"]
[BlackElo "1838"]
[WhiteFideId "450111"]
[BlackFideId "2013401"]
[EventDate "2025.06.17"]

1. Nf3 d5 2. g3 Nf6 3. Bg2 e6 4. O-O Be7 5. d4 b5 6. a4 b4 7. Ne5 O-O 8. Bf4 a5
9. c4 bxc3 10. Nxc3 Bb7 11. Rc1 Nbd7 12. Nb5 c5 13. dxc5 Nxc5 14. Rc2 Rc8 15.
Na7 Ra8 16. Nac6 Bxc6 17. Nxc6 Qd7 18. Nxe7+ Qxe7 19. Qd4 Rfc8 20. Rfc1 Nfd7 21.
Be3 Rab8 22. Qd2 h6 23. Qxa5 Kh7 24. Bxc5 Nxc5 25. Rxc5 Rxc5 26. Qxc5 Qf6 27.
Qc3 Qg5 28. e3 Qg4 29. h3 Qxa4 30. Qc2+ Qxc2 31. Rxc2 g6 32. h4 Kg7 33. Bf1 Kf6
34. Bd3 Rb4 35. Kg2 g5 36. hxg5+ hxg5 37. Kf1 Ke5 38. Ke2 f5 39. Kd2 Kd6 40. Kc1
Ra4 41. Rc3 Ra1+ 42. Bb1 Ra4 43. Ra3 Rb4 44. Kc2 1-0

[Event "Titled Tue 17th Jun Early"]
[Site "chess.com INT"]
[Date "2025.06.17"]
[Round "1"]
[White "Nakara Husain"]
[Black "Lisenkov, Svyatoslav"]
[Result "0-1"]
[BlackTitle "CM"]
[WhiteElo "1713"]
[BlackElo "2283"]
[WhiteFideId "25636111"]
[BlackFideId "34264183"]
[EventDate "2025.06.17"]

1. e4 c5 2. c3 Nf6 3. e5 Nd5 4. Bc4 Nb6 5. Bb3 e6 6. Nf3 d6 7. exd6 Bxd6 8. O-O
O-O 9. d4 cxd4 10. cxd4 Nc6 11. Nc3 e5 12. Be3 exd4 13. Nxd4 Nxd4 14. Bxd4 Bf5
15. Qf3 Qh4 16. g3 Qg4 17. Qxg4 Bxg4 18. Bxb6 axb6 19. Nd5 Bc5 20. Rfe1 Rad8 21.
Kg2 Rfe8 22. h3 Bd7 23. Nc3 Bc6+ 24. Kf1 Rd2 25. Rxe8+ Bxe8 26. Ne4 Rxb2 27.
Nxc5 bxc5 28. Re1 Bb5+ 29. Kg2 Kf8 30. Bd5 b6 31. Rd1 Ke7 32. Re1+ Re2 33. Rb1
Bd7 34. Rxb6 Rd2 35. Bc4 Rd4 36. Bb3 c4 37. Bd1 Rxd1 0-1

[Event "Titled Tue 17th Jun Early"]
[Site "chess.com INT"]
[Date "2025.06.17"]
[Round "1"]
[White "Grezels, Florian"]
[Black "Askarov, Bakhtiyar"]
[Result "0-1"]
[WhiteTitle "FM"]
[BlackTitle "IM"]
[WhiteElo "2306"]
[BlackElo "2297"]
[WhiteFideId "20696450"]
[BlackFideId "13701100"]
[EventDate "2025.06.17"]

1. e4 c5 2. Nf3 e6 3. d4 cxd4 4. Nxd4 a6 5. Nc3 Qc7 6. Bd3 Nf6 7. O-O Bc5 8. Nb3
Ba7 9. Qe2 d6 10. Bg5 Nbd7 11. Kh1 h6 12. Be3 Bxe3 13. Qxe3 b5 14. a4 b4 15. Ne2
Bb7 16. a5 O-O 17. Rad1 d5 18. exd5 Bxd5 19. Nf4 Bxb3 20. cxb3 Qxa5 21. Bc4 Qe5
22. Qd2 Nc5 23. Rfe1 Nce4 24. Qe3 Qxb2 25. Kg1 Rad8 26. Bxa6 Nc3 27. Rxd8 Rxd8
28. Bc4 Qd2 29. Qxd2 Rxd2 30. h3 Nfe4 31. Nd3 g5 32. Rc1 Ne2+ 33. Kh2 Nxc1 34.
Nxb4 Nxf2 35. Nc6 Ncd3 36. b4 Nf4 37. b5 Rb2 38. Ne7+ Kf8 39. Nc8 Ne4 40. b6
Rxg2+ 41. Kh1 Ng3# 0-1

[Event "Titled Tue 17th Jun Early"]
[Site "chess.com INT"]
[Date "2025.06.17"]
[Round "1"]
[White "Jasinski, Alexander"]
[Black "Matyakubov, Miraziz"]
[Result "1-0"]
[BlackTitle "CM"]
[WhiteElo "1989"]
[BlackElo "2278"]
[WhiteFideId "55627994"]
[BlackFideId "14215772"]
[EventDate "2025.06.17"]

1. e4 e5 2. Nf3 Nc6 3. Bb5 a6 4. Ba4 Nf6 5. O-O d6 6. Re1 Bd7 7. c3 g6 8. d4 Bg7
9. Bc2 O-O 10. h3 b5 11. Nbd2 Re8 12. Nf1 Na5 13. Ng3 c6 14. Bg5 h6 15. Bxf6
Qxf6 16. dxe5 Rxe5 17. Nxe5 Qxe5 18. Bb3 Re8 19. Qd3 Nb7 20. Rad1 Bf8 21. Qf3
Be6 22. Bxe6 Rxe6 23. Qe3 Rf6 24. Qd4 Qg5 25. e5 Rf4 26. Qe3 d5 27. Ne2 Rf5 28.
Qxg5 Rxg5 29. Nd4 Nd8 30. e6 fxe6 31. Nxe6 Nxe6 32. Rxe6 c5 33. Rxa6 Rf5 34.
Rxg6+ Kf7 35. Rb6 b4 36. cxb4 cxb4 37. a3 bxa3 38. bxa3 Bc5 39. Rxh6 Rxf2 40.
Kh1 Bxa3 41. Rxd5 Be7 42. Rh7+ Ke6 43. Rxe7+ Kxe7 44. Kh2 Kf6 45. h4 Kg6 46. Kh3
Rf1 47. g3 Ra1 48. Rd6+ Kg7 49. h5 Ra4 50. g4 Ra5 51. Kh4 Kf7 52. h6 Ra1 53. Kh5
Rg1 54. Rd7+ Kg8 55. g5 Ra1 56. g6 Ra5+ 57. Kg4 Ra8 58. Kf5 Rf8+ 59. Kg5 Ra8 60.
h7+ Kh8 61. Kh6 Ra7 62. Rd8# 1-0

[Event "Titled Tue 17th Jun Early"]
[Site "chess.com INT"]
[Date "2025.06.17"]
[Round "1"]
[White "Barrientos, Ernesto"]
[Black "Mekhitarian, Krikor Sevag"]
[Result "0-1"]
[WhiteTitle "CM"]
[BlackTitle "GM"]
[WhiteElo "2027"]
[BlackElo "2564"]
[WhiteFideId "3701247"]
[BlackFideId "2107660"]
[EventDate "2025.06.17"]

1. e4 c5 2. Nf3 Nc6 3. d4 cxd4 4. Nxd4 Nf6 5. Nc3 e5 6. Ndb5 d6 7. Bg5 a6 8. Na3
b5 9. Nd5 Be7 10. Bxf6 Bxf6 11. c3 Bg5 12. Nc2 Rb8 13. b4 O-O 14. a4 Ne7 15.
Nce3 Be6 16. axb5 axb5 17. Be2 Bxe3 18. Nxe3 Qc7 19. Qd2 Rfc8 20. O-O Qc6 21. f3
Qxc3 22. Rfd1 Qxd2 23. Rxd2 Rb6 24. Ra7 Nc6 25. Ra5 Nxa5 26. bxa5 Ra6 27. Bxb5
Rxa5 28. Bf1 Rd8 29. Kf2 g6 30. g3 Kg7 31. f4 exf4 32. gxf4 f6 33. Bc4 Bxc4 34.
Nxc4 Ra6 35. Ke3 Rc6 36. Kd4 Ra8 37. Kd5 Rc5+ 38. Kd4 Ra4 39. Rc2 Kf7 40. h4 Ke6
41. Kd3 d5 42. exd5+ Rxd5+ 43. Ke3 Rc5 44. Kd3 Raxc4 45. Rxc4 Rxc4 46. Kxc4 Kf5 0-1

[Event "Titled Tue 17th Jun Early"]
[Site "chess.com INT"]
[Date "2025.06.17"]
[Round "1"]
[White "Rosen, Eric"]
[Black "Nayak, Rajesh"]
[Result "1-0"]
[WhiteTitle "IM"]
[BlackTitle "FM"]
[WhiteElo "2377"]
[BlackElo "2262"]
[WhiteFideId "2032562"]
[BlackFideId "35017152"]
[EventDate "2025.06.17"]

1. d4 Nf6 2. Bf4 d5 3. Nf3 e6 4. e3 Bd6 5. Ne5 O-O 6. Nd2 c5 7. c3 Nc6 8. Bd3
Qc7 9. Ndf3 Ne4 10. O-O f6 11. Nxc6 bxc6 12. Bxd6 Qxd6 13. Qc2 f5 14. Ne5 Rb8
15. Rab1 Bd7 16. Rfd1 c4 17. Bxe4 fxe4 18. b3 cxb3 19. axb3 Be8 20. Ra1 Bh5 21.
g4 Be8 22. Rxa7 c5 23. Qa2 cxd4 24. cxd4 Qb6 25. Rc1 Rb7 26. Ra6 Qxb3 27. Qxb3
Rxb3 28. Rc2 Rb1+ 29. Kg2 Bb5 30. Rxe6 Bf1+ 31. Kg3 Bd3 32. Rc7 Rg1+ 33. Kh4
Rxf2 34. Re8+ Rf8 35. Ree7 g5+ 36. Kxg5 Be2 37. Rg7+ Kh8 38. Rxh7+ Kg8 39. Rcg7# 1-0

[Event "Titled Tue 17th Jun Early"]
[Site "chess.com INT"]
[Date "2025.06.17"]
[Round "1"]
[White "Masague Artero, Guerau"]
[Black "Nayem, Haque"]
[Result "1-0"]
[WhiteTitle "FM"]
[BlackTitle "FM"]
[WhiteElo "2326"]
[BlackElo "2180"]
[WhiteFideId "32098952"]
[BlackFideId "10217754"]
[EventDate "2025.06.17"]

1. e3 c5 2. b3 Nc6 3. Bb2 d5 4. Bb5 Nf6 5. f4 Bd7 6. Nf3 g6 7. O-O Bg7 8. Qe2
O-O 9. d3 a6 10. Bxc6 Bxc6 11. Ne5 Rc8 12. Nd2 Qc7 13. Nxc6 Qxc6 14. Be5 b5 15.
a3 e6 16. Rfc1 Qd7 17. b4 c4 18. Nf3 Ne8 19. a4 bxa4 20. dxc4 Rxc4 21. Bxg7 Nxg7
22. Ne5 Qb5 23. Nxc4 dxc4 24. Qd2 Nf5 25. Rd1 h5 26. e4 Qb6+ 27. Kh1 Ne3 28. Re1
Ng4 29. h3 Nf6 30. Qc3 Nd7 31. Qxc4 Qf2 32. Rf1 Qg3 33. Rf3 Qh4 34. Qxa6 Nf6 35.
Qd3 Ng4 36. Kg1 Rd8 37. Qe2 Nf6 38. Rxa4 Rd4 39. e5 Ne4 40. c3 Nc5 41. Ra8+ 1-0

[Event "Titled Tue 17th Jun Early"]
[Site "chess.com INT"]
[Date "2025.06.17"]
[Round "1"]
[White "Pranesh, M"]
[Black "Guo, Felix"]
[Result "1-0"]
[WhiteTitle "GM"]
[WhiteElo "2580"]
[BlackElo "2091"]
[WhiteFideId "35028600"]
[BlackFideId "30997550"]
[EventDate "2025.06.17"]

1. Nf3 Nf6 2. g3 e6 3. Bg2 Be7 4. O-O O-O 5. b3 d5 6. Bb2 b6 7. c4 Bb7 8. e3
Nbd7 9. Nc3 c5 10. Qe2 Ne4 11. cxd5 exd5 12. Rfd1 Ndf6 13. d3 Nxc3 14. Bxc3 Rc8
15. Nh4 Qd7 16. d4 c4 17. bxc4 Rxc4 18. Be1 Rfc8 19. Nf3 Qf5 20. Ne5 Rc2 21. Qf1
Bd6 22. Bh3 Qh5 23. Bxc8 Bxc8 24. Rdc1 Bh3 25. Qa6 Rxc1 26. Rxc1 h6 27. f3 Bxe5
28. Qe2 Bd6 29. g4 Qg5 30. Bg3 Bxg3 31. hxg3 h5 32. Rc8+ Kh7 33. Qc2+ g6 34. Kf2
hxg4 35. Qc7 Kg7 36. Qd8 Ne4+ 37. fxe4 Qxd8 38. Rxd8 dxe4 39. d5 f5 40. Re8 Kf6
41. d6 1-0

[Event "Titled Tue 17th Jun Early"]
[Site "chess.com INT"]
[Date "2025.06.17"]
[Round "1"]
[White "Indjic, Aleksandar"]
[Black "Bagrationi, Alexander"]
[Result "1-0"]
[WhiteTitle "GM"]
[BlackTitle "GM"]
[WhiteElo "2661"]
[BlackElo "2406"]
[WhiteFideId "911925"]
[BlackFideId "14104954"]
[EventDate "2025.06.17"]

1. e4 e5 2. Nf3 Nf6 3. d4 Nxe4 4. Bd3 d5 5. Nxe5 Nd7 6. Nc3 Nxc3 7. bxc3 Nxe5 8.
dxe5 Be7 9. Rb1 O-O 10. O-O c5 11. Re1 c4 12. Be2 Qa5 13. Be3 Be6 14. Rxb7 Rfe8
15. Bd4 Qxa2 16. Bf3 a5 17. Rb1 Qa4 18. Ra1 Qc6 19. g4 a4 20. Bg2 g5 21. Rf1 Qd7
22. f4 Bxg4 23. Qd2 h6 24. Be3 Ra6 25. fxg5 hxg5 26. Bxd5 Be6 27. Bxe6 Qxe6 28.
Qg2 Qg6 29. Bd4 a3 30. Qe2 Rc8 31. Rfb1 Re6 32. Rb7 g4 33. Qg2 Bf8 34. Ra7 Be7
35. Rf1 Kh7 36. Qd5 Kg7 37. Rxe7 Rxe7 38. e6+ Kh7 39. Rf6 Qxc2 40. Qh5+ Kg8 41.
Rg6+ fxg6 42. Qh8# 1-0

[Event "Titled Tue 17th Jun Early"]
[Site "chess.com INT"]
[Date "2025.06.17"]
[Round "1"]
[White "Anakok, Deniz"]
[Black "Lee, Qing Aun"]
[Result "0-1"]
[WhiteTitle "CM"]
[BlackTitle "FM"]
[WhiteElo "2058"]
[BlackElo "2280"]
[WhiteFideId "51603586"]
[BlackFideId "5804167"]
[EventDate "2025.06.17"]

1. e4 c5 2. Nf3 g6 3. c3 d5 4. e5 d4 5. cxd4 cxd4 6. Bb5+ Nc6 7. Qa4 Bd7 8. O-O
Bg7 9. Re1 Nh6 10. Bxc6 Bxc6 11. Qxd4 Bxf3 12. Qxd8+ Rxd8 13. gxf3 Nf5 14. Nc3
Nd4 15. Rd1 Nxf3+ 16. Kg2 Nxe5 17. d4 Nc6 18. d5 Ne5 19. Be3 a6 20. Rac1 O-O 21.
Ne4 Ng4 22. Bd4 Rxd5 23. Bxg7 Rxd1 24. Rxd1 Kxg7 25. Rd7 Nf6 26. Nxf6 Kxf6 27.
Rxb7 Rd8 28. Rb6+ Rd6 29. Rb8 e5 30. Kf3 Kf5 31. Rb7 Ke6 32. Ke3 h5 33. b4 f5
34. a4 f4+ 35. Kf3 Rd3+ 36. Ke4 Rd4+ 37. Kf3 Kf5 38. Rf7+ Kg5 39. Rb7 e4+ 40.
Ke2 Kg4 41. Rb6 g5 42. b5 Rxa4 43. bxa6 Ra2+ 44. Ke1 Kf3 45. Rb3+ e3 46. fxe3
fxe3 47. Rb1 Rxa6 48. Kf1 Ra2 49. Kg1 g4 50. Kh1 h4 51. Rf1+ Rf2 52. Rg1 g3 0-1

[Event "Titled Tue 17th Jun Early"]
[Site "chess.com INT"]
[Date "2025.06.17"]
[Round "1"]
[White "Craciun, Sasha-Matei"]
[Black "Khazan, Yevgeny"]
[Result "1-0"]
[WhiteTitle "FM"]
[BlackTitle "CM"]
[WhiteElo "2320"]
[BlackElo "2135"]
[WhiteFideId "1281186"]
[BlackFideId "2806193"]
[EventDate "2025.06.17"]

1. e4 c5 2. Nc3 Nc6 3. Bb5 Nd4 4. Nf3 Nxb5 5. Nxb5 d5 6. exd5 a6 7. Nc3 Nf6 8.
d4 c4 9. Qe2 b5 10. a4 b4 11. Ne4 Nxe4 12. Qxe4 Bb7 13. O-O Qxd5 14. Qe2 e6 15.
Bf4 Be7 16. Rfe1 O-O 17. Qd2 h6 18. Re5 Qc6 19. Bxh6 Bf6 20. Rh5 Rfd8 21. Be3 g6
22. Rh3 a5 23. c3 b3 24. Bg5 Bxg5 25. Qxg5 Kf8 26. Rh8+ Kg7 27. Rxd8 f6 28. Qg3
Rxd8 29. Re1 Kf7 30. h4 Rh8 31. Qf4 Rh5 32. Qg3 Rf5 33. h5 Rxh5 34. Re3 1-0

[Event "Titled Tue 17th Jun Early"]
[Site "chess.com INT"]
[Date "2025.06.17"]
[Round "1"]
[White "Blackburn, Jonathan L B"]
[Black "Kalyani Sirin"]
[Result "0-1"]
[WhiteTitle "FM"]
[BlackTitle "WFM"]
[WhiteElo "2207"]
[BlackElo "2138"]
[WhiteFideId "1801090"]
[BlackFideId "33323500"]
[EventDate "2025.06.17"]

1. d4 d5 2. c4 dxc4 3. e4 e5 4. Nf3 exd4 5. Bxc4 Bb4+ 6. Bd2 Bxd2+ 7. Nbxd2 Nf6
8. e5 Nd5 9. O-O O-O 10. Nxd4 Nb6 11. N4f3 Bg4 12. Be2 Nc6 13. h3 Bh5 14. a3 Re8
15. Bb5 Re6 16. Bxc6 Rxc6 17. Qb3 Qe7 18. Rac1 Rxc1 19. Rxc1 Rd8 20. a4 c6 21.
a5 Nd5 22. Nc4 Nf4 23. Qe3 Nd5 24. Qb3 h6 25. Nd6 Rd7 26. a6 bxa6 27. Rxc6 Bxf3
28. Rc8+ Kh7 29. Qd3+ g6 30. Qxf3 Nb6 31. Rb8 Qxe5 32. Rb7 Qxd6 33. Rxd7 Qxd7
34. Qxf7+ Qxf7 0-1